000 01358cam a2200253 4500
001 ##L133705
008 110801s2006 000 0 eng u
020 _a9781859354933
_a1859354939
035 _a(Sirsi) u133705
041 0 _aeng
050 0 4 _a306.9 $2 18
100 1 _aBest, Richard
245 0 0 _aHomes for rural communities
_breport of the Joseph Rowntree Foundation Rural Housing Policy Forum
260 _aYork
_bJoseph Rowntree Foundation
_c2006
520 _aThe Joseph Rowntree Foundation set up the Rural Housing Policy Forum in 2005 to consider the issues surrounding the problem of shortages of affordable housing in rural areas and to suggest solutions. This report summarises its conclusions. It covers the national housing context, housing affordability in rural areas and the importance of affordable rural housing. It offers possible solutions and recommendations on finance and leadership. References.
590 _aIKA060606, KA
650 _aAffordable housing
_96215
651 4 _aEngland and Wales
_y1543-
690 _aPROPERTY-RESIDENTIAL PROPERTY-RESIDENTIAL PROPERTY MARKET
700 1 _aShucksmith, Mark
710 2 _aJoseph Rowntree Foundation
_bRural Housing Policy Forum
_94941
856 4 0 _uhttps://www.jrf.org.uk/sites/files/jrf/9781859354933.pdf
_zView the report free of charge at www.jrf.org.uk
942 _n0
999 _c105456
_d105456